| 000 -CABECERA |
| campo de control de longitud fija |
00912cam a2200241 a 4500 |
| 001 - NÚMERO DE CONTROL |
| campo de control |
2388354 |
| 003 - IDENTIFICADOR DEL NÚMERO DE CONTROL |
| campo de control |
OSt |
| 005 - FECHA Y HORA DE LA ÚLTIMA TRANSACCIÓN |
| campo de control |
20210410142520.0 |
| 008 - DATOS DE LONGITUD FIJA--INFORMACIÓN GENERAL |
| campo de control de longitud fija |
850807t19851986dcua b 001 0 eng |
| 020 ## - NÚMERO INTERNACIONAL ESTÁNDAR DEL LIBRO |
| Número Internacional Estándar del Libro |
0874742943 |
| 040 ## - FUENTE DE LA CATALOGACIÓN |
| Centro catalogador/agencia de origen |
CENDOC CAAAP |
| Lengua de catalogación |
spa |
| Centro/agencia transcriptor |
CAAAP |
| 050 ## - SIGNATURA TOPOGRÁFICA DE LA BIBLIOTECA DEL CONGRESO |
| Número de clasificación |
FP |
| Número de documento/Ítem |
82.A3 B84T |
| 100 1# - ENTRADA PRINCIPAL--NOMBRE DE PERSONA |
| Nombre de persona |
Brown, Michael F. |
| Forma completa/desarrollada del nombre |
(Michael F.) |
| 9 (RLIN) |
1939 |
| 245 10 - MENCIÓN DE TÍTULO |
| Título |
Tsewa's gift : |
| Resto del título |
magic and meaning in an Amazonian society / |
| Mención de responsabilidad, etc. |
Michael F. Brown. |
| 260 ## - PUBLICACIÓN, DISTRIBUCIÓN, ETC. |
| Lugar de publicación, distribución, etc. |
Washington : |
| Nombre del editor, distribuidor, etc. |
Smithsonian Institution Press, |
| Fecha de publicación, distribución, etc. |
1985 |
| 300 ## - DESCRIPCIÓN FÍSICA |
| Extensión |
220 p. : |
| Otras características físicas |
il. ; |
| Dimensiones |
24 cm. |
| 440 #0 - MENCIÓN DE SERIE/PUNTO DE ACCESO ADICIONAL--TÍTULO |
| Título |
Smithsonian series in ethnographic inquiry |
| 504 ## - NOTA DE BIBLIOGRAFÍA, ETC. |
| Nota de bibliografía, etc. |
Bibliografía: p. 207-215. |
| 505 ## - NOTA DE CONTENIDO CON FORMATO |
| Nota de contenido con formato |
Alto mayo -- Seen and unseen -- The uses of affinity -- The garden's children -- A technology of sentiment -- Working metaphors. |
| 650 #0 - PUNTO DE ACCESO ADICIONAL DE MATERIA--TÉRMINO DE MATERIA |
| Término de materia o nombre geográfico como elemento de entrada |
Indígenas aguaruna |
| Subdivisión general |
Religión |
| 9 (RLIN) |
1906 |
| 650 #0 - PUNTO DE ACCESO ADICIONAL DE MATERIA--TÉRMINO DE MATERIA |
| Término de materia o nombre geográfico como elemento de entrada |
Indígenas aguaruna |
| 9 (RLIN) |
1907 |
| Subdivisión general |
Ritos y ceremonias |
| 942 ## - ELEMENTOS DE PUNTO DE ACCESO ADICIONAL (KOHA) |
| Fuente del sistema de clasificación o colocación |
|
| Tipo de ítem Koha |
Libros |